• 首页
  • 本馆介绍
  • 公告通知
  • 最新文献
  • 馆藏检索
  • 电子资源
  • 读者导购
  • 参考咨询
  • 我的图书馆
  • 登录
  • 详细信息显示
  • 放入我的书架
  • 预约/预借图书
  • 作者相关作品
  • 分类相关作品
  • 丛书相关作品
  • 出版社相关作品

书目信息

  • 表格格式
  • 工作单格式
  • 卡片格式
题名:
刘少奇选集
    
 
作者: 刘少奇 著
分册: 下卷  
出版信息: 北京   人民出版社  1985.12
页数: 506页
开本: 20cm
丛书名:
单 册:
中图分类: D2-1
科图分类:
主题词: 中国共产党--领袖--著作
电子资源:
ISBN:
000 00557nam0 2200205 45
001 0301141063
005 20050328100016.2
010    @b精装@dCNY6.00
091    @a3001.2113
100    @a20030114d1985 km y0chiy0120 ea
101 0  @achi
105    @ac z 000yy
200 1  @a刘少奇选集@ALiu Shao Qi Xuan Ji@h下卷@f刘少奇著@FLiu Shao Qi Zhu
210    @a北京@c人民出版社@d1985.12
215    @a506页@c肖像@d20cm
606 0  @a中国共产党@x领袖@x著作
690    @aD2-1@v3
701  0 @a刘少奇@4著
801    @aCN@bTSTC@c20030114
905    @dD2-1@e13:2@f1@b142803
    
    刘少奇选集.下卷/刘少奇著.-北京:人民出版社,1985.12
    506页:肖像;20cm
    
    
    ISBN (精装):CNY6.00
    
●
相关链接 在E读中查询图书 在五车中查询图书 在当当中查询图书 在豆瓣中查询图书


正题名:刘少奇选集     索取号:D2-1/13:2         预约/预借

序号 登录号 条形码 馆藏地/架位号 状态 备注
1 0142803   002031517   第一借阅区/ [索取号:D2-1/13:2] 在馆    
2 0142804   001740682   第一借阅区/ [索取号:D2-1/13:2] 在馆    
3 0142805   001740726   第一借阅区/ [索取号:D2-1/13:2] 在馆    
欢迎您!
大连网信软件有限公司© 版权所有